000 01088cam a2200301 4500
008 #DATE n2003 000 0 eng u
020 _a0728204150
035 _a(Sirsi) u122880
041 _aeng
050 _a333.33026
_c18
100 _aMurdoch, John
245 4 _aThe law of estate agency
250 _a4th ed.
260 _aLondon
_bEstates Gazette
_c2003
300 _axl, 362p.
_c22cm.
350 _a28
520 _aAn expanded fourth edition of this standard work considering estate agency and auctions law, including the Estate Agents Act 1979 and the Property Misdescriptions Act 1991. The text has been expanded to cover the Ombudsman for Estate Agents Scheme. Case law.
520 _aSupersedes third edition "The law of estate agency and auctions" (ISBN 0728202042)
650 _aAUCTION LAW
650 _aAUCTIONEERS
650 _aCONTRACTS OF SALE
650 _aESTATE AGENCY
650 _aESTATE AGENTS ACT 1979
650 _aESTATE AGENTS
650 _aPROPERTY MISDESCRIPTIONS ACT 1991
690 _aPROPERTY AND LAND LAW-AGENCY
942 _n0
999 _c102954
_d102954